Opomíjená heterogenita lidí aneb proč Afrika dlouhodobě neroste
Stručný ekonomický prehľad o situácii v subsaharskej Afrike v kontexte svetového vývoja. Klasifikácia existujúcich teoretických prístupov k africkým problémom a ich implikácia pre medzinárodnú rozvojovú pomoc.
Enregistré dans:
| Auteur principal: | |
|---|---|
| Autres auteurs: | |
| Format: | Chapitre de livre |
| Langue: | tchèque |
| Sujets: | |
| Tags: |
Pas de tags, Soyez le premier à ajouter un tag!
|
MARC
| LEADER | 00000naa$a2200000$$$4500 | ||
|---|---|---|---|
| 001 | 0054970 | ||
| 005 | 20231019131147.5 | ||
| 041 | 0 | |a cze | |
| 044 | |a CZ | ||
| 245 | 1 | 0 | |a Opomíjená heterogenita lidí aneb proč Afrika dlouhodobě neroste |c Michal Bauer, Julie Chytilová |
| 520 | |a Stručný ekonomický prehľad o situácii v subsaharskej Afrike v kontexte svetového vývoja. Klasifikácia existujúcich teoretických prístupov k africkým problémom a ich implikácia pre medzinárodnú rozvojovú pomoc. | ||
| 610 | 2 | 0 | |a Subsahara |
| 610 | 2 | 0 | |a Afrika |
| 610 | 2 | 0 | |a vývoj hospodársky |
| 610 | 2 | 0 | |a ukazovatele ekonomické |
| 610 | 2 | 0 | |a pomoc hospodárska |
| 610 | 2 | 0 | |a pomoc medzinárodná |
| 610 | 2 | 0 | |a pomoc rozvojová |
| 610 | 2 | 0 | |a spolupráca medzinárodná |
| 100 | 1 | |a Bauer, Michal | |
| 700 | 1 | |a Chytilová, Julie | |